Management issues relating to staff attached to the Speaker/President, Members of Parliament and political groups (Record no. 71532)

000 -LEADER
fixed length control field 00425pab a2200133 454500
008 - FIXED-LENGTH DATA ELEMENTS--GENERAL INFORMATION
fixed length control field 180718b2005 xxu||||| |||| 00| 0 eng d
100 ## - MAIN ENTRY--PERSONAL NAME
Personal name Roques, Xavier
245 ## - TITLE STATEMENT
Title Management issues relating to staff attached to the Speaker/President, Members of Parliament and political groups
260 ## - PUBLICATION, DISTRIBUTION, ETC.
Date of publication, distribution, etc. 2005
300 ## - PHYSICAL DESCRIPTION
Extent p.89-108.
650 ## - SUBJECT ADDED ENTRY--TOPICAL TERM
Topical term or geographic name entry element Parliament
773 ## - HOST ITEM ENTRY
Main entry heading Constitutional and Parliamentary Information
909 ## -
-- 71532
Holdings
Withdrawn status Lost status Damaged status Not for loan Permanent Location Current Location Date acquired Serial Enumeration / chronology Barcode Date last seen Price effective from Koha item type
        Indian Institute of Public Administration Indian Institute of Public Administration 2018-07-19 Volume no: 190, AR71992 2018-07-19 2018-07-19 Articles

Powered by Koha